[Event "Dyfed Open"]
[Site "Fishguard"]
[Date "2019.02.22"]
[Round "1.1"]
[White "Williams, A. Howard"]
[Black "Buttell, David"]
[Result "1-0"]
[WhiteElo "2268"]
[BlackElo "1793"]
[Annotator "kemen"]
[PlyCount "115"]
[EventDate "2019.??.??"]

{[%evp 0,17,18,16,29,-10,28,25,49,28,18,65,79,74,102,122,107,106,85,70]} 1. d4
Nf6 2. c4 c5 3. d5 e6 4. Nf3 exd5 5. cxd5 d6 6. Nc3 g6 7. e4 Bg7 8. Be2 O-O 9.
O-O a6 10. a4 Re8 (10... Bg4 {alterrnative}) 11. Nd2 Nbd7 12. f3 (12. Qc2)
12... Rb8 13. Nc4 Ne5 14. Ne3 g5 {Stockfish10} 15. Nc4 $146 (15. Qc2 h6 16. Bd2
Nh5 17. g3 Nf6 18. f4 gxf4 19. Rxf4 Ng6 20. Rf2 $11 {Berrios Pagan-Malagon,
Skopje ol 1972,1-0}) (15. Nf5 Bxf5 16. exf5 h6 17. f4 gxf4 18. Rxf4 Qd7 19. a5
b5 20. axb6 Rxb6 21. Rxa6 Rxa6 22. Bxa6 Qa7 23. Bb5 c4+ 24. Kf1 Rc8 25. h3 Qc5
{Konovaltsev-Aleksandrov, Moscow ch 1971,0-1} (25... Nd3 $19)) (15. a5 $16)
15... Nxc4 {Stockfish10} (15... Nh5 16. Ne3 Nf4 $15 {Stockfish10}) 16. Bxc4 Nd7
(16... Nh5 $15 {Stockfish10}) 17. f4 Nb6 {gets in the way of the Q side} (17...
gxf4 18. Bxf4 Ne5 $11) 18. Bd3 (18. Be2 $18 {Stockfish10} g4 19. a5 Nd7 20.
Bxg4) 18... g4 19. a5 Na8 (19... Nd7 20. e5 dxe5 21. f5 $16 {Stockfish10}) 20.
e5 $18 (20. f5 $18) 20... dxe5 (20... f5 21. e6 $18 {may be best try
-Stockfish10}) 21. f5 h5 (21... e4 $5) 22. Ne4 (22. f6 $1 {Stockfish10 opens
up lines} Bxf6 23. Ne4 Bg7 24. Bg5 Qc7 {giving up the Q may be best} 25. Nf6+
Kf8 26. Qd2 e4 27. Bh6 $18 {Stockfish10}) 22... Qxd5 23. f6 Qd4+ 24. Kh1 Rd8
25. Ra3 (25. Qe1 Qxd3 26. fxg7 Bf5 27. Nf6+ Kxg7 28. Nxh5+ Kg6 29. Ng3 Be6 30.
Qxe5 $18 {Stockfish10}) (25. fxg7 $1 Qxe4 26. Bxe4 Rxd1 27. Rxd1 Nc7 28. Rd6
Be6 29. Bh6 $18 {Stockfish10}) 25... Qxe4 26. Bxe4 (26. fxg7 Bf5 27. Bxe4 Rxd1
28. Rxd1 Bxe4 29. Re3 f5 30. Rc3 Kxg7 31. Rxc5 Re8 32. Rd7+ $18 {Stockfish10})
(26. Qd2 $1 Qg6 27. Bxg6 Rxd2 28. Bxf7+ Kxf7 29. fxg7+ Kxg7 30. Bxd2 $18 {
Stockfish10- maximising gains & leaving the remaining Bl pieces in a helpless
huddle}) 26... Rxd1 27. Rxd1 Bxf6 28. Be3 Be7 (28... Be6 29. Bxc5 Nc7 $14 {
Bl has 2 pawns for the exchange, but there are gaps in his defences}) 29. Rc3
$18 Be6 30. Bxc5 Bxc5 31. Rxc5 Kg7 (31... f6 32. b4 Kg7 33. b5 $18 {Stockfish10
}) 32. Rxe5 h4 33. Kg1 (33. Rc1) 33... Nc7 34. Kf2 f5 35. Bxf5 Rf8 (35... Kf6
36. Rc5 Bxf5 37. Rxc7 Be4 38. Rd6+ Ke5 39. Rd2 Bc6 40. Rh7 $18) 36. Rc1 Kf6 37.
Re3 Kxf5 38. Rxc7 Kg6+ 39. Kg1 Bd5 40. Rc5 Bc6 41. Ree5 (41. Re6+ Kg7 42. Rc4)
41... Rf4 42. g3 (42. b3 Rb4 43. Rc4 Rxb3 44. Rxg4+ Kf6 45. Rh5 {Stockfish10})
42... hxg3 43. hxg3 Rb4 44. Re6+ (44. b3) 44... Kf7 45. Re2 Kf6 46. Kf2 (46.
Rec2 Bf3 47. R5c4 Rb3 48. Rf4+ Ke5 49. Kf2 Ke6 50. Rd4 Ke5 $18 {Stochfish10,
going round in circles, there are great technical difficulties in making Wh's
exchange win as all Bl weak points are covered}) 46... Rb3 47. Rc3 Rb5 48. Rc4
(48. Ra3) 48... Bf3 $16 49. Rf4+ Kg5 50. Rc2 Bc6 (50... Rxa5 $16 {Stockfish10}
51. Rxf3 gxf3 52. Kxf3 Rb5 $11) 51. b4 $18 Re5 52. Rc5 Rxc5 53. bxc5 Bd5 54.
Ke3 Bc6 55. Kd4 Bb5 56. Ke5 Bd7 57. Rf7 Bc6 58. Rg7+ (58. Rg7+ Kh5 59. Kf6 Kh6
60. Rxg4 $18) 1-0

[Event "Dyfed Open"]
[Site "Fishguard"]
[Date "2019.02.22"]
[Round "1.2"]
[White "Haigh, Tony"]
[Black "Jones, Iolo C"]
[Result "1/2-1/2"]
[WhiteElo "1793"]
[BlackElo "2205"]
[Annotator "kemen"]
[PlyCount "111"]
[EventDate "2019.??.??"]

{[%evp 0,111,72,16,33,3,-3,-3,-3,-35,-5,-65,-50,-52,-81,-77,-17,-20,-12,-18,
-13,-17,-16,-16,-9,-12,-16,-39,18,14,13,18,32,19,29,23,20,23,30,22,19,18,27,27,
33,30,48,0,0,-15,-16,-18,-16,-18,-17,-12,0,0,0,-7,-14,-14,-10,-11,-3,-28,-22,
-27,-24,-41,-40,-11,-5,-11,0,-3,0,-34,-2,-34,-20,-34,4,32,9,19,27,20,60,40,40,
34,29,23,29,24,26,19,15,12,15,18,14,14,14,14,20,4,3,3,3,0,0,0]} 1. d4 Nf6 2. c4
e6 3. Nc3 Bb4 4. Bg5 h6 5. Bh4 c5 6. Rc1 (6. d5 {main, when Bl can play} d6 (
6... Bxc3+) (6... b5)) 6... cxd4 7. Qxd4 Nc6 8. Bxf6 Qxf6 (8... Nxd4 9. Bxd8
Kxd8 10. e3 {main}) 9. Qxf6 gxf6 10. a3 Be7 11. Nf3 $146 (11. e3 f5 {main}) (
11. Nb5 O-O 12. Rd1 a6 13. Nd6 Ne5 14. e3 Bxd6 15. Rxd6 Rb8 16. c5 $14 {
Schindler-Slavin,, IECC KO email 2001,1-0}) 11... O-O 12. g3 b6 13. Bg2 Bb7 14.
O-O Rac8 15. Rfd1 d6 16. Nb5 Rfd8 17. Nfd4 Nxd4 18. Nxd4 Bxg2 19. Kxg2 f5 $11
20. e3 Rd7 21. b3 a6 22. a4 Rdc7 23. Rc2 (23. Ne2 $11) 23... d5 24. Rdc1 Ba3
25. Ra1 Bd6 26. Rac1 dxc4 (26... Ba3 {would save a lot of effort}) 27. Rxc4
Rxc4 28. Rxc4 Rxc4 29. bxc4 $11 Kf8 30. Kf3 Ke7 31. h3 Kf6 32. Ke2 (32. Nc6 e5
33. e4 Ke6 34. exf5+ Kd7 35. c5 Kxc6 36. cxd6 Kxd6 37. g4 b5 38. axb5 axb5 39.
Ke4 Kc5 40. h4 $11 {Komodo12- If the Bl K goes in support of its pawn, then Wh
has a g5 break}) 32... e5 33. Nb3 Ke6 34. f4 f6 35. Kf3 $11 Bc7 (35... Bb4) 36.
Ke2 Bd6 37. Kf3 (37. fxe5 fxe5 38. Kf3) (37. Kf2) 37... Bb4 38. Ke2 Kd6 39. Kf2
Kc6 40. Ke2 h5 41. fxe5 fxe5 42. e4 fxe4 (42... f4 43. gxf4 exf4 44. Nd4+ (44.
e5 Bc3 45. e6 Bf6 46. Kf3 Kd6 47. Kxf4 Kxe6 48. c5 b5 49. axb5 axb5 50. Ke4 $11
) 44... Kd6 (44... Kd7 45. Kf3 Kd6 46. e5+ Kc5 47. Nf5 Kxc4 48. e6 b5 49. axb5
axb5 50. Kxf4 Bf8 51. e7 Bxe7 52. Nxe7 $18 {Nalimov tablebases}) 45. e5+ Kd7
46. Kd3 Bc5 47. Nf3 Be3 48. Ke4 Ke6 49. Ng5+ Kd7 50. h4 Bf2 51. Nh3 Bxh4 52.
Nxf4 Kc6 53. Nxh5 Kc5 54. Kd3 b5 55. cxb5 axb5 56. axb5 Kxb5 $11) 43. Ke3 Be1 (
43... Kd6 44. Kxe4 Ke6 45. g4 hxg4 46. hxg4 Kf6 47. Kd5 a5 48. Kc6 Kg5 49. Kxb6
e4 50. Nd4 e3 51. c5 Bc3 52. Nc2 e2 53. c6 Be5 54. Kxa5 $18 {Komodo12}) 44. g4
hxg4 45. hxg4 Kd6 46. Kxe4 Ke6 47. Nc1 (47. c5 Bf2 (47... bxc5 48. Nxc5+ Kf6
49. Nxa6 Kg5 50. Kf3 e4+ $11) 48. c6 Bh4 49. Nd2 b5 50. axb5 axb5 51. Nf3 Bf6
52. c7 Kd7 53. Kf5 Bh8 54. Nxe5+ Bxe5 55. Kxe5 b4 56. Kd4 b3 57. Kc3 Kxc7 $11 {
Komodo12}) 47... Kf6 48. Nd3 Bc3 49. g5+ (49. Kd5 Bd4 50. Nb4 a5 51. Nc6 Bc3
52. Ke4 Bb2 53. c5 bxc5 54. Nxa5 Kg5 55. Nc4 Bc3 56. Nxe5 c4 57. Nxc4 Kxg4 $11)
49... Kxg5 50. Nxe5 b5 51. cxb5 axb5 52. axb5 Kf6 $2 (52... Ba5 {is the only
move to draw-Nalimov tablebases; and Bl has to be absolutely accurate in reply}
53. Nc4 Bc7 {other moves lose} (53... Bd8 54. Ke5 Bc7+ 55. Ke6 Bf4 (55... Kf4
56. Kd7 Bb8 57. b6 Ke4 58. Kc6 Kd4 59. Nd6 Ke5 60. Nb5 Ke6 61. Nc7+ Ke7 62. Kb7
) 56. b6 Bb8 57. Ne5 Kh6 58. Nc6 Bh2 59. Ne5 Bg1 60. b7 Ba7 61. Nc6 $18) 54.
Kd5 Bb8 (54... Kf5 55. Nd6+ $18) 55. b6 Kf6 56. Kc6 Ke7 57. Kb7 Bf4 58. Kc8 Ke6
(58... Ke8 {loses}) 59. b7 Kd5 60. Nb6+ Kc6 61. Na8 Be5 $11) 53. Nc4 $11 (53.
Nc6 $1 {wins in 22-Nalimov} Bb2 54. b6 Ba3 55. Kd5 Bc1 56. Kd6 Bf4+ 57. Kd7 Kf7
58. Kc8 (58. Ne7 Be5 59. b7 Bb8 60. Kc8 Bd6 61. Nd5 Ke6 62. Nc7+ $18) 58... Ke8
59. b7 Bd6 60. Na7 Bf4 61. Nb5 Ke7 62. Nc7 $18) 53... Ke6 54. b6 Be1 55. b7 Bg3
56. b8=Q 1/2-1/2

[Event "Dyfed Open"]
[Site "Fishguard"]
[Date "2019.02.22"]
[Round "1.3"]
[White "Zeidler, Sven P."]
[Black "Chong, Kimberly"]
[Result "1-0"]
[WhiteElo "2149"]
[BlackElo "1720"]
[Annotator "kemen"]
[PlyCount "49"]
[EventDate "2019.??.??"]

{[%evp 0,16,21,25,13,9,6,-42,-22,8,19,-17,-17,24,65,83,83,83,81]} 1. e4 e5 2.
Nf3 Nc6 3. c3 Nf6 4. d4 exd4 (4... Nxe4 {main}) 5. e5 Qe7 (5... Nd5) (5... Ne4)
6. cxd4 Ne4 (6... d6) 7. Nc3 Nxc3 8. bxc3 d5 (8... d6) 9. Qb3 {2-0} (9. Bd3 {
2-0}) 9... Qd8 {Deep Fritz14} (9... Qd7 {played; Stockfish5}) (9... Qe6 {
Stockfish10}) 10. Bd3 $16 Be7 11. O-O O-O 12. Re1 Na5 13. Qc2 g6 (13... h6 14.
Qd1 Bg4 15. Bc2 f5 16. Qd3 Bh5 17. Rb1 b6 18. e6 $16 {Stockfish10}) 14. Bh6 $18
(14. h4 $18) 14... Re8 15. e6 {kills the K side} Bf6 16. exf7+ Kxf7 17. Rxe8
Qxe8 18. Re1 Qc6 19. Qe2 Bd7 (19... Qe6 20. Qd2 Qd6 21. Bg5 (21. Ng5+) 21...
Kg7 22. Re8 $18 {Stockfish10}) 20. Ne5+ Bxe5 21. Qxe5 Qf6 22. Qxd5+ Be6 23.
Qxa5 b6 24. Qb5 Re8 25. d5 1-0

[Event "Dyfed Open"]
[Site "Fishguard"]
[Date "2019.02.22"]
[Round "1.4"]
[White "Thomas, Roy"]
[Black "Heap, Gerry"]
[Result "1-0"]
[WhiteElo "1719"]
[BlackElo "2095"]
[Annotator "kemen"]
[PlyCount "43"]
[EventDate "2019.??.??"]

{[%evp 0,17,28,-17,3,-14,-4,11,56,44,35,28,20,19,-4,1,-14,-35,-16,-21]} 1. f4
g6 2. Nf3 Bg7 3. e4 c5 4. Nc3 Nc6 5. Be2 d6 6. O-O Nf6 (6... e6) 7. d3 O-O 8.
Qe1 Nd4 9. Bd1 Rb8 (9... Bg4) 10. Bd2 $146 (10. Qh4 {main}) (10. a4 {Cloud
Engines}) 10... b5 {Fritz13} (10... Nc6 11. Be2 b5 {Stockfish10}) 11. a3 (11.
Nxd4 {Fritz13 & Stockfish10}) 11... Bg4 12. Nxd4 cxd4 13. Ne2 $14 e5 {Fritz13}
(13... Nd7 {Stockfish10}) 14. c3 (14. Kh1 $14 {Stockfish10}) 14... dxc3 15.
Bxc3 Nh5 16. f5 Qb6+ 17. Kh1 $16 Bh6 (17... Bxe2 18. Bxe2 Nf4 19. Qd2 $16 {
Stockfish10}) (17... Rbc8 18. h3 Bxe2 19. Bxe2 Nf4 {Fritz13} 20. f6 {
Stockfish10}) 18. Qh4 $18 {both Engines} Bxe2 19. Bxe2 Qe3 20. Bxh5 gxh5 (20...
Bg5 {both Engines} 21. Qh3 (21. Qg4 gxh5 22. Qxh5 f6 23. Rad1 $18) 21... Qxh3
22. gxh3 gxh5 23. Rg1 f6 24. h4 $18) 21. Rf3 Qe2 22. Rg3+ 1-0

[Event "Dyfed Open"]
[Site "Fishguard"]
[Date "2019.02.22"]
[Round "1.5"]
[White "Waddington, Mike P"]
[Black "Greatorex, Roger"]
[Result "0-1"]
[WhiteElo "2074"]
[BlackElo "1713"]
[Annotator "kemen"]
[PlyCount "78"]
[EventDate "2019.??.??"]

{[%evp 0,15,28,-14,-14,-16,5,-10,34,53,48,7,21,28,39,1,25,-49]} 1. c4 e6 2. Nc3
d5 3. e3 c6 4. Nf3 Nf6 5. b3 Be7 6. Bb2 O-O 7. Qc2 Nbd7 8. g4 (8. d4) (8. Be2 {
main lines}) 8... Nxg4 9. Rg1 f5 10. h3 (10. Be2 Nge5 11. Nxe5 Nxe5 12. Nxd5
cxd5 13. Bxe5 Bf6 14. Qc3 Bxe5 15. Qxe5 Qf6 16. d4 Qxe5 17. dxe5 dxc4 18. Bxc4
{Aloma Vidal- Castell Contero, Palma de Mallarca open 2008,1-0}) 10... Nge5 11.
Be2 Nxf3+ 12. Bxf3 Bf6 $15 13. O-O-O dxc4 14. bxc4 Ne5 (14... e5) 15. Be2 Bd7
16. f4 Ng6 17. d4 Qa5 (17... b5 $17 {Komodo12}) 18. Qa4 (18. Qb3) 18... Qc7 (
18... Qxa4 19. Nxa4 b6 $17) 19. Qb3 b5 20. cxb5 cxb5 21. Kb1 a6 (21... b4 $17 {
Komodo12}) 22. Rc1 Qa7 (22... Qb7) 23. Ka1 Rac8 24. Bd3 Kh8 25. Ne2 Rxc1+ 26.
Rxc1 Qb7 27. Ba3 Rc8 28. Rxc8+ Qxc8 29. Bc5 $2 Qxc5 30. Qb2 Qc6 31. a4 Ne7 (
31... bxa4) 32. axb5 axb5 33. Nc3 Qb6 (33... Qh1+ 34. Ka2 Qxh3) 34. Nxb5 Bxb5 (
34... Nd5) 35. Bxb5 Qa5+ 36. Kb1 Qe1+ (36... h6) 37. Ka2 Qxe3 38. Bc4 h6 (38...
Nc6) (38... Bxd4) 39. Qb8+ Kh7 0-1

[Event "Dyfed Open"]
[Site "Fishguard"]
[Date "2019.02.22"]
[Round "1.6"]
[White "Van Kemenade, Julie"]
[Black "May, Frank"]
[Result "1/2-1/2"]
[WhiteElo "1704"]
[BlackElo "2069"]
[Annotator "kemen"]
[PlyCount "30"]
[EventDate "2019.??.??"]

1. e4 e6 2. d3 d5 3. Qe2 dxe4 4. dxe4 Nc6 5. Nf3 Bc5 (5... e5 {main}) 6. g3
Nge7 (6... Nf6 {main}) 7. Bg2 (7. c3) 7... O-O 8. O-O e5 9. Nbd2 (9. Rd1 {main}
) 9... Bb6 (9... b6 {Stockfish10}) 10. h3 (10. Nc4 $14) (10. c3 $14 {both
Stockfish10}) 10... Ng6 11. c3 Qe7 12. Nc4 (12. b4 Be6 13. a4 a5 14. b5 Nb8 15.
Nc4 Nd7 16. h4 Bg4 17. Ne3 Bxe3 18. Qxe3 Rfe8 $14 {Stockfish10}) 12... h6 13.
Ne3 (13. a4 Be6 14. b4 a6 15. Ba3 Qf6 16. Nxb6 cxb6 17. b5 Nce7 18. Nd2 $16 {
Stockfish10}) (13. Be3 Na5 14. Nfd2 Nxc4 15. Nxc4 Bd7 16. a4 Bxe3 17. Nxe3 c6
18. Nf5 $14 {Stockfish10}) 13... Bxe3 14. Bxe3 Rd8 15. Nh2 f6 {(draw?)} (15...
f6 16. f4 $14) 1/2-1/2

[Event "Dyfed Open"]
[Site "Fishguard"]
[Date "2019.02.22"]
[Round "1.7"]
[White "Richmond, Jane"]
[Black "Philpin, Les"]
[Result "1-0"]
[WhiteElo "2066"]
[BlackElo "1702"]
[Annotator "kemen"]
[PlyCount "73"]
[EventDate "2019.??.??"]

{[%evp 0,75,25,25,41,32,36,38,54,31,33,42,37,39,18,18,22,16,45,14,38,10,-1,43,
31,-25,-14,-14,26,26,26,-6,71,102,85,35,179,14,132,142,351,169,171,28,118,150,
139,139,235,239,235,250,295,281,326,300,332,179,347,347,792,792,811,810,817,
828,928,756,869,893,895,917,856,897,969,716,829,680]} 1. e4 e6 2. d4 d5 3. Nc3
Nf6 4. Bg5 Be7 5. e5 Nfd7 6. h4 {Alekhine-Chatard gambit, seldom accepted} Bxg5
(6... a6) 7. hxg5 Qxg5 8. Qd3 (8. Nh3 {the older line}) 8... f5 (8... g6) (8...
h6) 9. exf6 Nxf6 10. Nf3 (10. Nb5 Na6 11. Nf3 Qf5 12. Qc3 Ne4 13. Qa3 Ng5 14.
Ne5 Qe4+ 15. Be2 Rf8 16. Qg3 h6 17. Nd3 Bd7 18. a4 Rf6 19. Rh4 Qh7 {
Svent-Dedijer,EU ch girls U18, Budva 2003,1-0}) 10... Qf5 11. O-O-O (11. Qb5+
c6 12. Qb3 Ne4 13. Nxe4 Qxe4+ 14. Be2 Nd7 15. Rh4 Qf5 16. Bd3 Qf6 17. O-O-O {
Marks-Roy, Edinburgh op 2011,1/2-1/2}) (11. Qd2 Ne4 12. Qe3 $14) 11... Qxd3 12.
Bxd3 Nc6 (12... Bd7) 13. Nb5 Kd7 $11 14. Rh4 a6 15. Nc3 h6 (15... Ke7 $11) 16.
Ne5+ Nxe5 17. dxe5 Ne8 (17... g5 18. Ra4 Ng8 $11 {Stockfish10}) 18. Bg6 (18.
Rf4 $16 {Stockfish10}) 18... Ke7 (18... Rf8) 19. Rg4 Rg8 (19... Bd7 $14) 20.
Rd3 $18 {Bl has got behind in development & effective piece placement} (20. Ne2
$18) 20... Bd7 21. Rdg3 (21. Rf3 $18) 21... b5 (21... c5) 22. Bxe8 (22. Ne2 $18
) 22... Bxe8 (22... Raxe8) 23. Rxg7+ Rxg7 24. Rxg7+ Kd8 25. Ne2 $18 {Bl has a
bad B, no R in play& K side pawn weaknesses} Rb8 26. Rh7 h5 27. Nf4 Rb6 28.
Nxh5 (28. b4) 28... Bxh5 29. Rxh5 c5 30. f4 (30. g4 {pushing the passed pawn})
30... Ke8 31. Rh6 (31. Rh7) 31... d4 32. f5 Ke7 33. g4 (33. f6+) 33... c4 34.
Kd2 a5 35. g5 Kf7 36. g6+ Kg8 37. f6 1-0

[Event "Dyfed Open"]
[Site "Fishguard"]
[Date "2019.02.22"]
[Round "1.8"]
[White "Parri, Deio"]
[Black "Byway, Paul V"]
[Result "0-1"]
[WhiteElo "1659"]
[BlackElo "2060"]
[Annotator "kemen"]
[PlyCount "100"]
[EventDate "2019.??.??"]

{[%evp 0,20,25,19,33,-16,3,-3,-4,-11,17,-10,17,12,35,8,33,-15,3,2,-4,12,12]} 1.
d4 Nf6 2. c4 e6 3. Nc3 d5 4. Nf3 Be7 5. e3 O-O 6. Bd3 b6 7. O-O Bb7 8. Qc2 c5
9. cxd5 exd5 10. b3 Nbd7 (10... Nc6) 11. Bb2 Rc8 12. Qe2 cxd4 (12... Re8 {main}
) 13. Nxd4 (13. exd4 Re8 14. Ne5 Bd6 15. f4 {Tinsley-Teichmann, London 1893,1/
2-1/2}) 13... Bb4 (13... g6 {Komodo12 & Strelka 5.5}) 14. Rfc1 (14. Ncb5 $16 {
Komodo12}) 14... Re8 15. a3 (15. Ncb5 $16) 15... Bd6 16. Ncb5 Bb8 17. Rxc8 Qxc8
18. Rc1 Qd8 19. Nc6 Bxc6 20. Rxc6 Ne5 21. Bxe5 Bxe5 22. Qc2 $11 (22. Nxa7 Qd7
23. Rxf6 Bxf6 24. Bb5 Qxa7 25. Bxe8 Qxa3 $11 {Komodo12}) 22... Bb8 23. Bf5 (23.
g3 $16) (23. Nc7 $18) 23... g6 24. Bh3 (24. Bd3) 24... Qe7 (24... d4 25. Rc8 d3
26. Qd1 Qd5 27. Rxe8+ Nxe8 28. Nd4 $11 {Komodo12}) 25. b4 (25. g3) 25... Be5
26. g3 Kg7 27. Bg2 Rd8 28. Bf3 (28. f4 Bb8 29. Qc3 $11 {Komodo12}) 28... h5 29.
h4 $11 Qd7 30. Nd4 Ng4 31. b5 Bf6 (31... Bxd4 32. exd4 Nh6 $11 {Komodo12}) 32.
a4 (32. Rc7 Qd6 33. Qc6 Bxd4 (33... Qxa3 34. Ne6+ $18) 34. Qxd6 Rxd6 35. exd4
Nh6 36. Rxa7 $14 {Komodo12}) (32. Ne6+ $1 $18 {Komodo12} fxe6 33. Bxg4 (33. Rc7
Ne5 34. Be2 Nc4 $16) 33... hxg4 (33... Qe7 34. Bxe6 $18) 34. Rc7 $18 {Komodo12}
) 32... Ne5 33. Rc7 Nxf3+ 34. Nxf3 Qg4 35. Nh2 Qe6 36. Rc6 (36. Nf3) (36. Rxa7)
36... Qe5 37. Nf3 Qe4 38. Nd2 (38. Qxe4 dxe4 39. Ng5 Bxg5 40. hxg5 Rd7 $11 {
Komodo12}) 38... Qxc2 39. Rxc2 d4 40. e4 (40. exd4 Rxd4 41. Nc4 Be7 42. Kg2 Bc5
$15) (40. Kg2 Be7 $15) 40... Rd7 (40... d3 41. Rc4 Rd4 $15 {Komodo12}) 41. Rc4
Be7 42. Kf1 $11 Bc5 43. f4 (43. Ke1 $11) (43. Nb3 $11) 43... a6 44. e5 (44.
bxa6 Ra7 45. Ke2 Rxa6 46. Kd3 $16 {Komodo12}) 44... axb5 45. axb5 Ra7 46. Ne4
d3 47. Ke1 (47. Rc1 $11) 47... Be3 48. Nc3 Ra1+ 49. Nd1 Ra2 50. Rc3 $2 (50.
Nxe3 Re2+ 51. Kd1 Rxe3 52. Rc6 Rxg3 53. Rxb6 $16 {Komodo12}) 50... Bd2+ 0-1

[Event "Dyfed Open"]
[Site "Fishguard"]
[Date "2019.02.22"]
[Round "1.9"]
[White "Young, Alan"]
[Black "Denham, Colin"]
[Result "1-0"]
[WhiteElo "2024"]
[BlackElo "1653"]
[Annotator "kemen"]
[PlyCount "57"]
[EventDate "2019.??.??"]

{[%evp 0,10,45,36,54,37,38,32,32,28,57,43,113]} 1. e4 e6 2. d4 d5 3. Nc3 Bb4 4.
e5 Nd7 5. Qg4 (5. a3) 5... Bf8 (5... g6 {main}) 6. Nf3 $146 {Komodo10} (6. Bg5
{main}) 6... h6 7. Bd2 Ne7 8. Bd3 a6 9. Be3 b5 (9... b6 10. Ne2 c5 11. c3 Qc7
12. O-O $16 {Komodo12}) 10. a3 Bb7 11. O-O Rc8 12. a4 c6 (12... b4 13. Ne2 c5)
13. Ne2 Nb6 (13... b4 14. Nf4 $16) 14. b3 $18 Nd7 15. Nf4 Qc7 {with the Wh
pieces gathering, sooner or later there will be a pice sacrifice to open up
the K} 16. Qh5 (16. Nxe6 fxe6 17. Qxe6 $18 {Komodo12 & Stockfish10}) (16. Bd2
$18 {both Engines}) 16... c5 (16... g6 17. Bxg6 fxg6 18. Nxg6 Nxg6 19. Qxg6+
Kd8 20. Ng5 hxg5 21. Bxg5+ Be7 22. Bxe7+ Kxe7 23. Qg7+ Ke8 24. Qxh8+ Nf8 25. f4
$18 {Komodo12}) 17. Nxe6 Qc6 18. Nxf8 (18. Nxc5 Nxc5 19. axb5 axb5 20. dxc5 d4
21. Bxd4 g6 22. Qh3 Bg7 23. e6 $18 {Komodo12}) 18... Rxf8 19. axb5 axb5 20.
Rfe1 (20. e6 {Komodo12} Qxe6 21. dxc5 Nf6 22. Qh4 Qg4 23. Qxg4 Nxg4 24. Bd4 $18
{The Bl K is stuck in the middle}) 20... c4 21. Bf1 Qg6 22. Qxg6 fxg6 23. e6 (
23. Ra7) 23... Nf6 24. Ne5 g5 25. g3 (25. Ra5 Bc6 26. Ra7) 25... Nf5 26. Bh3
Ne7 27. Ra7 Rb8 28. Rea1 Nc6 (28... Nc8 29. R7a5) 29. Rxb7 1-0

[Event "Dyfed Open"]
[Site "Fishguard"]
[Date "2019.02.22"]
[Round "1.10"]
[White "Morgans, Justin"]
[Black "Barnaby, Nicholas"]
[Result "0-1"]
[WhiteElo "1646"]
[BlackElo "1998"]
[Annotator "kemen"]
[PlyCount "70"]
[EventDate "2019.??.??"]

{[%evp 0,26,19,38,25,7,22,-4,17,3,-2,2,2,2,16,4,14,-3,8,-19,-12,-26,-21,-30,
-31,-34,-36,-37,-11]} 1. e4 e5 2. Nf3 Nc6 3. Bb5 a6 4. Ba4 Nf6 5. d3 b5 6. Bb3
Be7 7. Bg5 (7. O-O {main}) 7... d6 8. h3 O-O 9. Nbd2 Na5 {usually Wh players
ensure that the Ruy B is kept} 10. c3 Nxb3 11. Qxb3 Be6 12. Qc2 c5 $15 13. O-O
Nh5 {Cloud Engines} (13... h6 14. Be3 Qc7 15. Rfc1 Rfc8 16. Qd1 d5 17. Qe2 dxe4
18. Nxe4 Nxe4 19. dxe4 Rd8 20. b3 c4 21. b4 Rd3 22. Ne1 Rd7 23. Rd1 {
Harms-Rohmann, Kiel op 2012,1/2-1/2}) 14. Be3 h6 15. g4 (15. a4) 15... Nf6 (
15... Nf4) 16. Nh2 Nh7 (16... d5 $19 {Stockfish10} 17. f4 exf4 18. Bxf4 dxe4
19. dxe4 Qb6 {Wh has too many holes in his K side}) 17. f4 exf4 18. Bxf4 Bg5
19. Bg3 h5 20. Ndf3 Be3+ 21. Bf2 (21. Kh1 $11) 21... Bxf2+ 22. Rxf2 hxg4 23.
hxg4 Ng5 24. Kg2 Nxf3 25. Rxf3 Qg5 (25... d5 $17) 26. Rg3 d5 27. Re1 (27. Nf3
Qf4 28. Qd2 Qxd2+ 29. Nxd2 Rfd8 $15 {Stockfish10}) 27... dxe4 28. dxe4 Rad8 29.
Re2 (29. Nf3 Qf4 30. Qc1 Qxc1 31. Rxc1 Rfe8 $17) 29... Rd7 $19 (29... Rfe8 $17)
30. Nf3 Qf4 31. Kh3 Rfd8 32. Nh2 Rd2 33. Qxd2 (33. Rxd2 Rxd2 34. Qb1 Qh6#)
33... Rxd2 34. Rge3 Rxe2 (34... Bc4) 35. Rxe2 Bxg4+ 0-1